[Event "Fide Mercenarios 2nd"]
[Site "MEX"]
[Date "1995.??.??"]
[Round "?"]
[White "Ruiz, Guillermo"]
[Black "Calderin, Roberto"]
[Result "1/2-1/2"]
[WhiteElo "2230"]
[BlackElo "2450"]

1.e4 g6 2.d4 Bg7 3.Nc3 d6 4.Nf3 Nf6 5.Be2 O-O 6.O-O Bg4 7.Be3 Nc6 8.Qd2 e5
9.dxe5 dxe5 10.Rad1 Qc8 11.Qc1 Rd8 12.Rxd8+ Qxd8 13.Rd1 Qf8 14.h3 Bxf3 15.Bxf3 Rd8
16.Nb5 Rxd1+ 17.Qxd1 Qb8 18.c3 a6 19.Na3 Qd8 20.Qxd8+ Nxd8 21.Nc4 Ne8  1/2-1/2

[Event "Fide Mercenarios 4th"]
[Site "MEX"]
[Date "1995.??.??"]
[Round "2"]
[White "Gonzalez, Roberto"]
[Black "Calderin, Roberto"]
[Result "1/2-1/2"]
[WhiteElo "2200"]
[BlackElo "2445"]

1.e4 g6 2.d4 Bg7 3.Nc3 d6 4.Bc4 Nf6 5.Nge2 O-O 6.Bg5 Nxe4 7.Nxe4 d5 8.Bd3 dxe4
9.Bxe4 c5 10.dxc5 Bxb2 11.Qxd8 Rxd8 12.Rb1 Ba3 13.Bxb7 Bxb7 14.Rxb7 Bxc5
15.Bxe7 Bxe7 16.Rxe7 Nc6 17.Re4 Rab8 18.O-O Rb2 19.Rc4 Nb4 20.Nd4 Nxa2 21.g3 Rb4
22.Rxb4 Nxb4 23.c3 Nd5 24.Nc6 Rc8 25.Nxa7 Rxc3 26.Nb5 Rd3 27.Re1 Rd2 28.Nd6 f5
29.Nc4 Ra2 30.Rd1 Nf6 31.Rd2 Ra4 32.Nd6 Kf8 33.Kg2 Ke7 34.f3 Ke6 35.Nb7 Ra3
36.Nc5+ Ke7 37.Nb7 Rc3 38.Re2+ Kf8 39.Nd8 h6 40.Ne6+ Kg8 41.Rd2 Kf7 42.Nf4 Ra3
43.Nd5 Nd7 44.Re2 Nc5 45.h4 Ne6 46.Rd2 g5 47.hxg5 hxg5 48.Nc7 Nxc7 49.Rd7+ Kf6
50.Rxc7 Ra2+ 51.Kf1 f4 52.gxf4 gxf4 53.Rc4 Ke6 54.Rb4 Rd2 55.Rb8 Ke5 56.Re8+ Kd4
57.Re4+ Kd3 58.Rxf4 Ke3 59.Rf8 Rf2+ 60.Kg1 Rxf3 61.Rxf3+ Kxf3  1/2-1/2

[Event "Fide Mercenarios 8th"]
[Site "MEX"]
[Date "1995.??.??"]
[Round "8"]
[White "Hack, Bolivar"]
[Black "Ruiz, Samuel"]
[Result "1/2-1/2"]
[WhiteElo "2015"]
[BlackElo "2000"]

1.e4 g6 2.d4 Bg7 3.Nc3 d6 4.Bc4 Nf6 5.h3 O-O 6.Nf3 c6 7.Be3 Nxe4 8.Nxe4 d5
9.Bd3 dxe4 10.Bxe4 Nd7 11.O-O Qc7 12.Qd2 e5 13.dxe5 Nxe5 14.Bf4 f5 15.Nxe5 Bxe5
16.Bxe5 Qxe5 17.Bd3 Qxb2 18.Bc4+ Kh8 19.Rfe1 b5 20.Bb3 Qf6 21.Rad1 a5 22.Qd6 Qxd6
23.Rxd6 a4 24.Be6 Re8 25.Rxc6 Bxe6 26.Rexe6 Rxe6 27.Rxe6 Rc8 28.Rb6 Rxc2
29.Rxb5 Rxa2 30.Ra5 a3 31.Ra7 Ra1+ 32.Kh2 a2 33.Kg3 h6 34.Kf3 Kg8 35.Ke2 Kf8
36.g4 fxg4 37.hxg4 Ke8 38.Kf3 Kd8 39.Kf4 Kc8 40.Kf3 Kb8 41.Ra3 Kb7 42.Kg2 Kc6
43.f4 Kd5 44.Ra5+ Ke4 45.Ra4+ Ke3 46.f5 g5 47.f6 Rf1 48.Rxa2 Rxf6 49.Ra3+ Kf4
50.Ra4+ Ke5 51.Ra5+ Kd4 52.Ra4+ Kd5 53.Ra5+ Kc4 54.Ra4+ Kb5 55.Re4 Kc5 56.Kg3 Rb6
57.Kg2 Kd5 58.Ra4 Rb3 59.Ra6 Ke4 60.Rxh6  1/2-1/2

[Event "Mlada Boleslav op"]
[Site "?"]
[Date "1995.??.??"]
[Round "?"]
[White "Bednar, Jaromir"]
[Black "Smejkal, Jan"]
[Result "0-1"]
[WhiteElo "2220"]
[BlackElo "2520"]

1.e4 g6 2.d4 Bg7 3.Nc3 d6 4.f4 Nc6 5.Be3 Nf6 6.Be2 e5 7.dxe5 dxe5 8.Qxd8+ Nxd8
9.f5 gxf5 10.Nb5 f4 11.Nxc7+ Kd7 12.Nxa8 fxe3 13.Bb5+ Kd6 14.Rd1+ Kc5 15.a4 Bg4
16.b4+ Kxb4 17.Rb1+ Kc5 18.Nc7 Nxe4 19.Ne2 Nd2 20.Rc1 a6 21.Ne8 axb5 22.Nxg7 Rg8
23.h3 Bxe2 24.Kxe2 Rxg7 25.axb5 Rg3  0-1

[Event "Montreal op"]
[Site "Montreal"]
[Date "1995.??.??"]
[Round "5"]
[White "Reeve, Jeff"]
[Black "Levtchouk, George"]
[Result "0-1"]
[WhiteElo "2185"]
[BlackElo "2345"]

1.e4 g6 2.d4 Bg7 3.Nc3 d6 4.f4 Nc6 5.Be3 Nf6 6.Be2 O-O 7.Bf3 e5 8.Nge2 Ng4
9.Bg1 exf4 10.Nxf4 Re8 11.g3 Nf6 12.Qd3 Nxe4 13.Nxe4 d5 14.O-O-O dxe4 15.Bxe4 Nb4
16.Qf3 Nxa2+ 17.Kb1 Nb4 18.d5 Qe7 19.Bd3 Qf6 20.c3 Nxd3 21.Rxd3 Bf5 22.Bd4 Bxd3+
23.Qxd3 Qe7 24.Bxg7 Kxg7 25.Qd4+ Qf6 26.Qc4 Qf5+ 27.Ka2 Qe4 28.Qxe4 Rxe4
29.Kb3 a5 30.Rd1 Ra6 31.c4 Rb6+ 32.Kc3 a4  0-1

[Event "Moscow2"]
[Site "Moscow"]
[Date "1995.??.??"]
[Round "?"]
[White "Sveshnikov, Evgeny"]
[Black "Tseshkovsky, Vitaly"]
[Result "0-1"]
[WhiteElo "2560"]
[BlackElo "2530"]

1.e4 g6 2.d4 Bg7 3.Nc3 d6 4.Be3 c6 5.f4 b5 6.Nf3 Nd7 7.Bd3 Nb6 8.O-O Nf6
9.h3 a5 10.Qe1 b4 11.Nd1 Ba6 12.Nf2 O-O 13.Qe2 Bb7 14.a3 Qc7 15.axb4 axb4
16.c4 c5 17.Rxa8 Rxa8 18.d5 Nh5 19.Kh2 Ra2 20.Nd1 Na4 21.Bb1 Ra1 22.Qc2 e6
23.b3 Nb6 24.g4 Nf6 25.Nf2 exd5 26.exd5 Nfxd5 27.cxd5 Nxd5 28.Bd2 Nc3 29.Bxc3 bxc3
30.Ne4 d5 31.Nxc3 Qxf4+ 32.Kg2 d4 33.Ne2 Qe3 34.Ng1 Be5 35.Qc1 Qxb3 36.Re1 Ra3
37.Be4 Ra2+ 38.Kh1 Bg3 39.Nd2 Bxe1 40.Nxb3 Bxe4+ 41.Nf3 Bxf3+ 42.Kg1 Bf2+
43.Kf1 Bg2+  0-1

[Event "Moscow op2"]
[Site "Moscow"]
[Date "1995.??.??"]
[Round "1"]
[White "Kiselev, Sergey"]
[Black "Losev, Dmitry"]
[Result "1-0"]
[WhiteElo "2505"]
[BlackElo "2315"]

1.d4 g6 2.e4 Bg7 3.Nc3 d6 4.Nf3 Nf6 5.Be2 O-O 6.O-O a6 7.a4 b6 8.Re1 Bb7
9.Bf1 e6 10.Bf4 Nc6 11.d5 exd5 12.exd5 Nb4 13.Bc4 Re8 14.Qd2 Rxe1+ 15.Rxe1 Qd7
16.Bg5 c5 17.dxc6 Qxc6 18.Bb3 Re8 19.Rd1 d5 20.Qf4 a5 21.Nd4 Nh5 22.Nxc6 Nxf4
23.Nxb4 axb4 24.Nb5 Ne6 25.Nd6 Rb8 26.Be3 d4 27.Bd2 d3 28.cxd3 Bxb2 29.Bxb4 Bc6
30.d4 Nxd4 31.Bxf7+ Kg7 32.Rd2 Ba1 33.Ra2 Nf5 34.Rxa1 Nxd6 35.Bxd6 Rd8 36.Bc7 Rd7
37.Bxb6 Kxf7 38.f3 Bb7 39.a5 Ba6 40.Ra2 h5 41.h4 Kf6 42.Rc2 Ke5 43.Kf2  1-0

[Event "Moscow op2"]
[Site "Moscow"]
[Date "1995.??.??"]
[Round "1"]
[White "Totsky, Leonid"]
[Black "Bonoev, Peter"]
[Result "1-0"]
[WhiteElo "2450"]
[BlackElo "2150"]

1.e4 d6 2.d4 g6 3.Nc3 Bg7 4.f4 Nf6 5.Nf3 c5 6.Bb5+ Nc6 7.dxc5 Qa5 8.O-O O-O
9.cxd6 Qb6+ 10.Kh1 exd6 11.Bc4 Ng4 12.Nd5 Qc5 13.Qe2 Be6 14.c3 Bxd5 15.Bxd5 Rfe8
16.Bxf7+ Kxf7 17.Ng5+ Kg8 18.Qxg4 Qc4 19.Bd2 h6 20.Nf3 Qxe4 21.Rae1 Qd3 22.Kg1 Rad8
23.Re6 Kf7 24.Rxe8 Rxe8 25.f5 gxf5 26.Qh5+ Kf8 27.Bxh6 Re6 28.Ng5 Rf6 29.Bxg7+ Kxg7
30.Qh7+ Kf8 31.Qh8+  1-0

[Event "Moscow-ch op"]
[Site "Moscow"]
[Date "1995.??.??"]
[Round "1"]
[White "Kruglov, V."]
[Black "Gorbatow, Alexej"]
[Result "1/2-1/2"]
[WhiteElo "2210"]
[BlackElo "2420"]

1.e4 g6 2.d4 Bg7 3.Nc3 d6 4.f4 a6 5.Be3 Nd7 6.Nf3 b5 7.a3 Bb7 8.d5 Ngf6 9.Nd4 O-O
10.Bd3 Qe8 11.f5 Ne5 12.Qe2 c5 13.dxc6 Nxc6 14.Nxc6 Qxc6 15.O-O e6 16.fxe6 fxe6
17.Rad1 Rae8 18.Kh1 Qc8 19.Bg5 Qc5 20.Be3 Qc7 21.Bf4 Nh5 22.Bg5 d5 23.Rxf8+ Rxf8
24.exd5 Be5 25.d6 Bxd6 26.Qxe6+ Kh8 27.Be2 Qc6 28.Rd5 Bf4 29.Qxc6 Bxc6 30.Rd8 Rxd8
31.Bxd8 Bc1 32.Bxh5 gxh5 33.Bf6+ Kg8 34.Ne2 Be3 35.Bd4 Bg5 36.Kg1 Kf7 37.Kf2 Ke6
38.Be3 Bf6 39.Bd4 Bh4+ 40.g3 Bg5 41.Be3 Bf6 42.Bd4 Bg5 43.h4 Bh6 44.Be3 Bg7
45.Nf4+ Kf5 46.b3 Bf8 47.b4 Kg4 48.Ne6 Bd6 49.Bf4 Bd7 50.Bxd6 Bxe6 51.Ke3  1/2-1/2

[Event "Moscow Petrosian"]
[Site "Moscow"]
[Date "1995.??.??"]
[Round "3"]
[White "Obodchuk, Andrei"]
[Black "Gorbatow, Alexej"]
[Result "1-0"]
[WhiteElo "2430"]
[BlackElo "2410"]

1.d4 g6 2.e4 Bg7 3.Nc3 d6 4.Be3 a6 5.Qd2 Nd7 6.f4 e6 7.Nf3 Ne7 8.Bd3 b5 9.a4 b4
10.Ne2 c5 11.O-O Bb7 12.f5 cxd4 13.Nexd4 e5 14.fxg6 hxg6 15.Nb3 d5 16.Ng5 O-O
17.Qf2 Bf6 18.Qh4 Bxg5 19.Bxg5 f6 20.Bh6 Rf7 21.Rad1 Qb6+ 22.Kh1 Rc8 23.Nd2 Qe6
24.exd5 Bxd5 25.Be3 Rh7 26.Qg3 f5 27.Bg5 f4 28.Qf2 Nf5 29.Rfe1 Ne3 30.Rxe3 fxe3
31.Qxe3 Rh3 32.Qe2 Rh5 33.Ne4 Kh8 34.Bd2 Rf8 35.Ng5 Qc6 36.Kg1 Qf6 37.Ne4 Bxe4
38.Bxe4 Nc5 39.Bf3 e4 40.Bxh5 gxh5 41.Qxh5+ Kg8 42.Qd5+ Ne6 43.h3 Qd4+ 44.Qxd4 Nxd4
45.Bxb4 Ne2+ 46.Kh2 Rb8 47.Ba3 Rc8 48.c3 Nf4 49.Re1 Rc4 50.b3 Rxc3 51.Rxe4 Rxb3
52.Rxf4 Rxa3 53.Rg4+ Kh7 54.Rc4 a5 55.h4 Rb3 56.Rc5 Rb4 57.Rxa5 Rxh4+ 58.Kg3 Rb4
59.Ra6 Kg7 60.Kh3 Rc4 61.a5 Rc5 62.g4 Rd5 63.Kh4 Kh7 64.g5 Rd1 65.Rb6 Ra1
66.a6 Rg1 67.Kh5 Rh1+ 68.Kg4 Rf1 69.Rf6 Ra1 70.Kf5 Ra5+ 71.Kf4 Kg7 72.Rc6 Rd5
73.g6 Kh6 74.Ke4 Ra5 75.Kd4 Rf5 76.Kc4 Kg7 77.Kb4 Rf1  1-0

[Event "RUS-chJ"]
[Site "Moscow"]
[Date "1995.??.??"]
[Round "4"]
[White "Gelman, Alexander"]
[Black "Korotylev, Alexey"]
[Result "1-0"]
[WhiteElo "2425"]
[BlackElo "2445"]

1.e4 g6 2.d4 Bg7 3.Nc3 d6 4.Bc4 Nf6 5.Bb3 O-O 6.Nf3 Bg4 7.h3 Bxf3 8.Qxf3 Nc6
9.Be3 e5 10.dxe5 dxe5 11.Bg5 Nd4 12.Qe3 c6 13.O-O a5 14.Rad1 Qc7 15.Rd2 Nd7
16.a4 Nxb3 17.cxb3 f6 18.Qd3 Nb6 19.Be3 Rfd8 20.Qc2 Rxd2 21.Qxd2 Nd7 22.Rd1 Nf8
23.Nb1 Qf7 24.Qd3 Ne6 25.Na3 Bf8 26.Qd7 Bxa3 27.bxa3 Nd4 28.Qd6 Qxb3 29.Rd2 Qe6
30.Rxd4  1-0

[Event "Moscow op"]
[Site "Moscow"]
[Date "1995.??.??"]
[Round "5"]
[White "Balashov, Yuri S"]
[Black "Rustemov, Alexander"]
[Result "0-1"]
[WhiteElo "2505"]
[BlackElo "2450"]

1.d4 g6 2.e4 Bg7 3.Nc3 d6 4.f4 Nf6 5.Nf3 c5 6.dxc5 Qa5 7.Bd3 Qxc5 8.Qe2 O-O
9.Be3 Qa5 10.O-O Bg4 11.h3 Bxf3 12.Qxf3 Nc6 13.Kh1 Nd7 14.Bd2 Nc5 15.a3 Nxd3
16.cxd3 Qb6 17.Rab1 f5 18.Nd5 Qb3 19.Bc3 e6 20.Bxg7 Kxg7 21.Nc3 d5 22.exd5 exd5
23.Rfe1 Rad8 24.Qd1 Qxd1 25.Rbxd1 Kf6 26.Re2 d4 27.Na4 Rfe8 28.Rc2 Rd6 29.Nc5 Nd8
30.Kg1 h6 31.h4 Re7 32.Kf2 Rc6 33.Rdc1 g5 34.hxg5+ hxg5 35.fxg5+ Kxg5 36.Nb3 Rxc2+
37.Rxc2 Nc6 38.Rc5 Ne5 39.Nc1 Ng4+ 40.Kf1 Nh2+ 41.Kf2 Ng4+ 42.Kf1 b6 43.Rc8 Kf4
44.Rd8 Ke3 45.Nb3 Rc7 46.g3 Nh2+ 47.Ke1 Nf3+ 48.Kd1 Kxd3 49.Rf8 Re7 50.Nc1+ Ke4
51.Ke2 Re5 52.g4 d3+  0-1

[Event "Namses op"]
[Site "Namses"]
[Date "1995.??.??"]
[Round "?"]
[White "Royset, Paal"]
[Black "Elsness, Frode"]
[Result "0-1"]
[WhiteElo "2220"]
[BlackElo "2250"]

1.e4 g6 2.d4 Bg7 3.Nc3 d6 4.Nge2 Nd7 5.g3 Ngf6 6.Bg2 O-O 7.O-O e5 8.h3 c6
9.a4 b6 10.Be3 Bb7 11.g4 a6 12.Ng3 h6 13.f4 exd4 14.Bxd4 b5 15.Qd2 Qc7 16.Rad1 Rad8
17.Bf2 Nb6 18.axb5 cxb5 19.Nce2 Nc4 20.Qb4 Bc6 21.b3 a5 22.Qe1 Na3 23.Nd4 Ba8
24.Ra1 b4 25.c4 Nd7 26.Qd1 Nc5 27.Re1 Rfe8 28.Ra2 Qd7 29.Rb2 Rb8 30.Rd2 Qc7
31.Ndf5 gxf5 32.Nxf5 Nxe4 33.Rde2 Bc3 34.Bxe4 Bxe1 35.Nxh6+ Kf8 36.Qxe1 Rxe4
37.Rxe4 Qc6 38.Qd2 Rd8 39.Qd5 Qxd5 40.cxd5 Bxd5 41.Re3 Nc2 42.Rd3 Bxb3 43.Rxb3 a4
44.Rb2 Rc8  0-1

[Event "New Castle schev"]
[Site "New Castle on Tyne"]
[Date "1995.??.??"]
[Round "3"]
[White "Shaw, John"]
[Black "Walker, David"]
[Result "1/2-1/2"]
[WhiteElo "2280"]
[BlackElo "2310"]

1.e4 g6 2.d4 Bg7 3.Nc3 d6 4.g3 Nc6 5.Be3 e5 6.dxe5 Nxe5 7.h3 Ne7 8.f4 N5c6
9.Nge2 O-O 10.Bg2 Bd7 11.Qd2 b5 12.Nxb5 Rb8 13.c4 Be6 14.Rc1 Bxc4 15.Rxc4 Rxb5
16.b3 Na5 17.Rc2 c5 18.O-O Nec6 19.Rd1 Qc8 20.Rcc1 Rd8 21.Kh2 Rb7 22.Qe1 Rc7
23.Bd2 Nb7 24.Bc3 Qe6 25.Bxg7 Kxg7 26.Qc3+ Qf6 27.Qxf6+ Kxf6 28.Nc3 Kg7 29.Nd5 Rcc8
30.Ne3 Nba5 31.Rd2 Nd4 32.Rcd1  1/2-1/2

[Event "New Castle schev"]
[Site "New Castle on Tyne"]
[Date "1995.??.??"]
[Round "5"]
[White "Bryson, Douglas M"]
[Black "Walker, David"]
[Result "1-0"]
[WhiteElo "2380"]
[BlackElo "2310"]

1.e4 g6 2.d4 Bg7 3.Nc3 d6 4.f4 Nf6 5.Nf3 c5 6.Bb5+ Nfd7 7.dxc5 dxc5 8.O-O O-O
9.e5 a6 10.Bd3 Nb6 11.Be3 Qc7 12.Qe1 Bg4 13.Qh4 Bf5 14.Bxf5 gxf5 15.Rae1 e6
16.g4 fxg4 17.Ng5 h6 18.Nge4 N8d7 19.Nf6+  1-0

[Event "New Castle schev"]
[Site "New Castle on Tyne"]
[Date "1995.??.??"]
[Round "9"]
[White "Marley, Justin C"]
[Black "Walker, David"]
[Result "1/2-1/2"]
[WhiteElo "2110"]
[BlackElo "2310"]

1.e4 g6 2.d4 Bg7 3.Nc3 d6 4.f4 Nc6 5.Be3 Nf6 6.h3 O-O 7.Nf3 e5 8.fxe5 dxe5
9.d5 Ne7 10.Qd2 a6 11.O-O-O Qd6 12.a3 Bd7 13.Bd3 Rfd8 14.Qf2 b6 15.Nd2 Nc8
16.Rhf1 h6 17.Nc4 Qe7 18.Nxe5 Qxe5 19.Bd4 Qg5+ 20.Be3 Qe5 21.Bd4 Qg5+ 22.Be3 Qe5  1/2-1/2

[Event "Nikolaev zt"]
[Site "Nikolaev"]
[Date "1995.??.??"]
[Round "9"]
[White "Zulfugarli, Magomed"]
[Black "Kochetkov, German"]
[Result "1-0"]
[WhiteElo "2400"]
[BlackElo "2465"]

1.e4 g6 2.d4 Bg7 3.Nc3 d6 4.f4 Nf6 5.Nf3 O-O 6.Bd3 Na6 7.O-O c5 8.d5 Bg4
9.a3 Nc7 10.h3 Bxf3 11.Qxf3 e6 12.f5 exd5 13.exd5 Nd7 14.Qg3 Be5 15.Bf4 Ne8
16.Bxe5 Nxe5 17.Ne4 c4 18.fxg6 hxg6 19.Ng5 f6 20.Bxg6 fxg5 21.Rxf8+ Kxf8
22.Rf1+ Kg7 23.Bxe8 Qxe8 24.Qxg5+ Ng6 25.Qf6+ Kh6 26.Qxd6 Qe3+ 27.Kh1 Re8
28.Qc7 Qe2 29.Rf7 Qd1+ 30.Kh2 Qxd5 31.Rh7+ Kg5 32.Qg3+ Kf6 33.Qf2+  1-0

[Event "JUG-chT"]
[Site "Nis"]
[Date "1995.??.??"]
[Round "?"]
[White "Todorovic, Goran M"]
[Black "Bogdanovski, Vlatko"]
[Result "1-0"]
[WhiteElo "2470"]
[BlackElo "2435"]

1.e4 d6 2.d4 g6 3.Nc3 Bg7 4.Bg5 c6 5.Qd2 Nf6 6.Bh6 Bxh6 7.Qxh6 Qa5 8.O-O-O Nbd7
9.Nf3 Rg8 10.h4 Nf8 11.Nd2 Ng4 12.Qf4 h5 13.Nb3 Qc7 14.Qd2 Be6 15.d5 Bd7
16.f3 Nf6 17.dxc6 Bxc6 18.Qe3 N8d7 19.Nd5 Bxd5 20.exd5 a6 21.g3 Nb6 22.Bh3 Nfxd5
23.Qe2 e6 24.Nd4 Qe7 25.Rhe1 Nc7 26.Qe3 Nd7 27.Qc3 Nf8 28.f4 Qd7 29.f5 gxf5
30.Nxf5 d5 31.Qf6 Nh7 32.Qh6 O-O-O 33.Qxh7 Rh8 34.Qg7 exf5 35.Qf6 Kb8 36.Re7 Qd6
37.Qxd6 Rxd6 38.Rxf7 Rg8 39.Rd3 Rdg6 40.Bxf5 Rxg3 41.Rxg3 Rxg3 42.Rh7 Nb5
43.Rxh5 Nd4 44.Bd3 Nf3 45.b3 Ka7 46.Rh7 Rh3 47.h5 Ng5 48.Rh8 Ne4 49.a4 a5
50.h6 Kb6 51.h7 Rh4 52.Kb2 Kc7 53.c4 Rh2+ 54.Bc2 d4 55.Re8 d3 56.h8=Q Rxc2+
57.Ka3 Nc3 58.Rc8+  1-0

[Event "JUG-chT"]
[Site "Nis"]
[Date "1995.??.??"]
[Round "?"]
[White "Markovic, Miroslav"]
[Black "Vujadinovic, Goran"]
[Result "1-0"]
[WhiteElo "2470"]
[BlackElo "2340"]

1.e4 d6 2.d4 g6 3.Nc3 Bg7 4.Be3 a6 5.Qd2 b5 6.f3 Bb7 7.Bd3 Nd7 8.Nd1 c5 9.c3 Ngf6
10.Ne2 O-O 11.O-O e5 12.d5 c4 13.Bc2 Qc7 14.Bh6 Ne8 15.Bxg7 Nxg7 16.Ne3 f5
17.exf5 gxf5 18.f4 e4 19.b4 cxb3 20.axb3 Nb6 21.Kh1 h5 22.Rad1 Rac8 23.Qe1 Rf6
24.Qh4 Qf7 25.Rd4 Rg6 26.b4 Nc4 27.Qh3 Nxe3 28.Qxe3 h4 29.Bb3 Nh5 30.Rg1 Nf6
31.h3 Nh5 32.g4 hxg3 33.Nxg3 Nxg3+ 34.Rxg3 Rxg3 35.Qxg3+ Qg7 36.Qxg7+ Kxg7
37.c4 bxc4 38.Rxc4 Kg6 39.Rxc8 Bxc8 40.Ba4 Kh5 41.Kg2 Kg6 42.Kf2 Kf7 43.Ke3 Kg6
44.Be8+ Kg7 45.h4 Kf8 46.Bc6 Kg7 47.h5 Kh6 48.Be8 Kg7 49.Kd4 Kf8 50.Bc6 Kg7
51.Ke3 Kh6 52.Be8 Kg7 53.Kf2 Kf8 54.Bc6 Kf7 55.Kg3 Kf6 56.Kh4 Kf7 57.Ba4 Kf6
58.Kh3 Bb7 59.Bc6 Bc8 60.Kg2 Kf7 61.Kf1 Kf6 62.Ke2 Kf7 63.Kd2 Kf6 64.Kc3 Kf7
65.Kc4 Kg7 66.Be8 Kf8 67.h6 Kg8 68.Bg6 Bd7 69.Kd4 Kf8 70.Ke3 Kg8 71.Kf2 Kf8
72.Kg3 Kg8 73.Kh4 Kf8 74.Kg5 Kg8 75.Kf6 e3 76.Bh5 Kh7 77.Kg5 Be8 78.Bf3 Bf7
79.Kxf5 Bxd5 80.Be2 Kxh6 81.Kg4 Bb7 82.f5 d5 83.Kf4 d4 84.Ke5 Kg7 85.Kxd4 Kf6
86.Bd3 e2 87.Bxe2 Kxf5 88.Kc5 Ke5 89.Kb6 Kd4 90.Bxa6 Be4 91.Bf1 Bc2 92.Kc6 Ba4+
93.Bb5 Bc2 94.Kd6 Bb3 95.Kc6 Bd5+ 96.Kb6 Bb3 97.Bc6 Bc4 98.Bb7 Bb3 99.Ka5 Ke5  1-0

[Event "NLD-chT9596"]
[Site "?"]
[Date "1995.??.??"]
[Round "?"]
[White "Piket, Marcel"]
[Black "Knoppert, Erik G J"]
[Result "1/2-1/2"]
[WhiteElo "2350"]
[BlackElo "2400"]

1.d4 d6 2.e4 g6 3.Nc3 Bg7 4.Be3 c6 5.Qd2 d5 6.Nf3 a6 7.h3 dxe4 8.Nxe4 Nd7
9.Bd3 Ngf6 10.Nxf6+ Nxf6 11.O-O O-O 12.Rfe1 Re8 13.c4 Be6 14.Rad1 Qc8 15.Bh6 Bf5
16.Bxg7 Kxg7 17.Bxf5 Qxf5 18.Re5 Qd7 19.Rde1 Rad8 20.Qe3 e6 21.g4 h6 22.g5 hxg5
23.Rxg5 Rh8 24.h4 Qd6 25.Kg2 Rh5 26.Rg1 b6 27.Kf1 c5 28.dxc5 bxc5 29.Ke2 Rxg5
30.hxg5 Nh5 31.Qe5+ Qxe5+ 32.Nxe5 Rd4 33.f3 Rh4 34.Ng4 Kf8 35.Ke3 Ng7 36.Rd1 Ke7
37.a3 Nf5+ 38.Kf4 a5 39.b4 axb4 40.axb4 cxb4 41.Rb1 Kd6 42.Rxb4 e5+ 43.Ke4 Ng3+
44.Ke3 Nf5+ 45.Ke4 Ng3+ 46.Ke3 Nf5+ 47.Kd3 Rh3 48.Ke4 Ng3+ 49.Ke3 Nf5+ 50.Ke4 Ng3+
51.Kd3 Nf5 52.Ke4 Ng3+ 53.Ke3 Nf5+ 54.Ke4 Ng3+ 55.Ke3 Nf5+  1/2-1/2

[Event "NLD-chT9596"]
[Site "?"]
[Date "1995.??.??"]
[Round "?"]
[White "Ree, Hans"]
[Black "Hartoch, Robert G"]
[Result "1-0"]
[WhiteElo "2435"]
[BlackElo "2355"]

1.e4 g6 2.d4 Bg7 3.Nc3 d6 4.f4 Nf6 5.Nf3 O-O 6.Be3 c5 7.dxc5 Qa5 8.Bd3 Ng4
9.Bd2 Qxc5 10.Qe2 Nf6 11.h3 Na6 12.O-O-O Nb4 13.Kb1 Nxd3 14.cxd3 Bd7 15.Rc1 Qb6
16.g4 Bc6 17.f5 Qa6 18.Qe3 b5 19.Nd4 b4 20.Nxc6 Qxc6 21.Nd5 Nxd5 22.Rxc6 Nxe3
23.Bxe3 a5 24.Rhc1 Rfe8 25.Rc7 h5 26.gxh5 gxf5 27.exf5 Bf6 28.h4 Bxh4 29.Bd4 Kh7
30.f6 Kh6 31.Be3+ Bg5 32.Bxg5+ Kxg5 33.fxe7 Kxh5 34.R7c2 Kg4 35.Rg1+ Kf3
36.Rf1+ Ke3 37.Rxf7 Kxd3 38.Rc1 Ra7 39.Rd1+ Kc4 40.Rf5 a4 41.Rfd5  1-0

[Event "NLD-chT9596"]
[Site "?"]
[Date "1995.??.??"]
[Round "?"]
[White "Kroeze, Frank M"]
[Black "Verdonk, Roland"]
[Result "1-0"]
[WhiteElo "2400"]
[BlackElo "2285"]

1.e4 g6 2.d4 Bg7 3.Nc3 d6 4.Bg5 c5 5.dxc5 Qa5 6.Qd2 Qxc5 7.Nd5 Be6 8.Be3 Qc8
9.Bd4 Bxd4 10.Qxd4 f6 11.O-O-O Nh6 12.Bc4 Nf7 13.Ne2 Nc6 14.Qd2 Nfe5 15.Bb3 Bf7
16.f4 Nd7 17.Nec3 a6 18.e5 dxe5 19.Rhe1 Nd4 20.Ba4 b5 21.fxe5 fxe5 22.Rxe5 Nc6
23.Rxe7+ Nxe7 24.Re1 Ne5 25.Rxe5 Bxd5 26.Nxd5 Ra7 27.Qd4 Rf8 28.Qxa7  1-0

[Event "NLD-chT9596"]
[Site "?"]
[Date "1995.??.??"]
[Round "?"]
[White "Kohler, Aran"]
[Black "Deleyn, Gunter"]
[Result "1/2-1/2"]
[WhiteElo "2330"]
[BlackElo "2280"]

1.e4 g6 2.d4 Bg7 3.Nc3 d6 4.Bc4 c6 5.a4 Nf6 6.Nge2 O-O 7.Bb3 e5 8.dxe5 dxe5
9.Be3 Qe7 10.f3 Na6 11.O-O Nc5 12.Ba2 Be6 13.b4 Na6 14.Bxe6 Qxe6 15.b5 Rfd8
16.Qb1 Nc7 17.b6 axb6 18.Bxb6 Rd7 19.Rd1 Na6 20.Rxd7 Nxd7 21.Bf2 Ndc5 22.Qa2 Rd8
23.Qxe6 Nxe6 24.Rb1 Nac5 25.Be3 Nd4 26.Kf1 Bf8 27.Bxd4 exd4 28.Nd1 d3 29.cxd3 Rxd3
30.Ndc3 Bg7 31.Rc1 Nb3 32.Rc2 Be5 33.f4 Bd4 34.g3 Nd2+ 35.Kg2 Nc4 36.Kh3 Nd6
37.e5 Ne8 38.Ne4 f5 39.Ng5 Ng7 40.Nf3 Rxf3 41.Nxd4 Rd3 42.Ne2 Ne6 43.Kg2 Kf7
44.h3 Ke7 45.Rc4 Rd2 46.Kf3 Rd3+ 47.Kf2 Ra3 48.g4 c5 49.gxf5 gxf5 50.Nc3 Nxf4
51.Rxf4 Rxc3 52.Rxf5 Rxh3 53.Rf6 Rh4 54.a5 h5 55.Rh6 Kd7 56.Ke3 Kc7 57.Rh7+ Kc6
58.e6 Rh1 59.Ke2 Kd6 60.e7 Kd7 61.e8=Q+ Kxe8 62.Rxb7 Ra1  1/2-1/2

[Event "NLD-chT9596"]
[Site "?"]
[Date "1995.??.??"]
[Round "?"]
[White "Wiersma, Eelke"]
[Black "Cuijpers, Frans Andre"]
[Result "1-0"]
[WhiteElo "2280"]
[BlackElo "2435"]

1.e4 g6 2.d4 Bg7 3.Nc3 d6 4.Be3 Nf6 5.f3 c6 6.Qd2 Nbd7 7.g4 b5 8.g5 Nh5 9.Nge2 e5
10.d5 Nb6 11.Bxb6 Qxb6 12.dxc6 Be6 13.Ng3 Nxg3 14.hxg3 b4 15.Nd5 Bxd5 16.exd5 e4
17.O-O-O exf3 18.Bh3 Be5 19.Bd7+ Ke7 20.Rhf1 Bxg3 21.Rxf3 Be5 22.Re1 Rhf8
23.Qf4 Kd8 24.Rxe5 dxe5 25.Qf6+ Kc7 26.Qxe5+ Kd8 27.d6 Qg1+ 28.Kd2 Qg2+ 29.Ke3 Qg1+
30.Ke2 Qg2+ 31.Rf2  1-0

[Event "JUG-ch"]
[Site "Novi Sad"]
[Date "1995.??.??"]
[Round "?"]
[White "Velimirovic, Dragoljub"]
[Black "Barlov, Dragan"]
[Result "1/2-1/2"]
[WhiteElo "2520"]
[BlackElo "2485"]

1.e4 g6 2.d4 Bg7 3.Nc3 d6 4.f4 Nf6 5.Nf3 O-O 6.Bd3 Na6 7.O-O c5 8.d5 Rb8
9.Qe2 Nc7 10.a4 a6 11.a5 e6 12.dxe6 Nxe6 13.f5 Nd4 14.Qf2 d5 15.fxg6 fxg6
16.exd5 Nxf3+ 17.gxf3 Nxd5 18.Bc4 Be6 19.Qe2 Bf7 20.Ne4 Qe7 21.c3 h6 22.Bd2 Rbe8
23.Qf2 Nf6 24.Bd3 c4 25.Nxf6+ Qxf6 26.Be4 Rd8 27.Be3 Bd5 28.Bb6 Bxe4 29.Bxd8 Qxd8
30.Qg3 Bd3 31.Rfe1 Qf6 32.Re3 h5 33.Rae1 Bh6 34.Re7 Qxf3 35.Qxf3 Rxf3 36.Rxb7 Be3+
37.Kg2 Rf2+ 38.Kg3 Be2 39.Re7 Rf3+  1/2-1/2

[Event "Novorossijsk"]
[Site "Novorossijsk"]
[Date "1995.??.??"]
[Round "?"]
[White "Daniliuk, Sergey"]
[Black "Tseshkovsky, Vitaly"]
[Result "1/2-1/2"]
[WhiteElo "2390"]
[BlackElo "2540"]

1.e4 g6 2.d4 Bg7 3.Nc3 d6 4.f4 Nf6 5.Nf3 O-O 6.Be3 c6 7.Qd2 b5 8.e5 b4 9.exf6 bxc3
10.Qxc3 exf6 11.O-O-O Re8 12.Bd2 a5 13.a4 Bd7 14.Re1 Rxe1+ 15.Bxe1 Qb6 16.Nd2 Be6
17.Bc4 d5 18.Bd3 Bf8 19.Nf3 Bb4 20.Qb3 c5 21.dxc5 Qxc5 22.f5 gxf5 23.Bb5 Nd7
24.Qd3  1/2-1/2

[Event "HUN-ch U16"]
[Site "Paks"]
[Date "1995.??.??"]
[Round "?"]
[White "Medvegy, Zoltan"]
[Black "Soponyai, Tamas"]
[Result "1/2-1/2"]
[WhiteElo "2125"]
[BlackElo "2110"]

1.e4 g6 2.d4 Bg7 3.Nc3 d6 4.f4 c6 5.Nf3 Bg4 6.Be2 Qb6 7.d5 Nd7 8.Qd3 Ngf6
9.Qe3 cxd5 10.exd5 O-O 11.h3 Bxf3 12.Bxf3 Nc5 13.O-O Rac8 14.Kh1 Rfe8 15.Rb1 a5
16.Qf2 a4 17.Be3 Qa5 18.Rfe1 b5 19.a3 b4 20.axb4 Qxb4 21.Red1 Rb8 22.Bd4 Rec8
23.Qe2 Rc7 24.Ra1 Ra7 25.g4 Nfd7 26.Bxg7 Kxg7 27.Qd2 f6 28.Re1 Nf8 29.Qe3 Rc7
30.Red1 Qa5 31.Rab1 Rcb7 32.Ne2 a3 33.b3 Qc7 34.Nd4 Ra8 35.Nc6 Na6 36.Re1 Kf7
37.Qd4 Nb8 38.Rxe7+ Qxe7 39.Nxe7 Rxe7 40.Ra1 a2 41.Qb2 Rea7 42.Be2 Nfd7 43.Bb5 Ra5
44.c4 Nb6 45.Qe2 R5a7 46.Qb2 Ra5 47.Kg2 N8d7 48.Qd2 Nc5 49.Qb2 Ra3 50.Qe2 Nxb3
51.Qe6+ Kg7 52.Qe7+ Kg8 53.Qe6+ Kg7 54.Qe7+ Kg8 55.Qe6+  1/2-1/2

[Event "HUN-ch U16"]
[Site "Paks"]
[Date "1995.??.??"]
[Round "?"]
[White "Csonka, Attila"]
[Black "Soponyai, Tamas"]
[Result "0-1"]
[WhiteElo "2020"]
[BlackElo "2110"]

1.e4 g6 2.d4 Bg7 3.Nc3 d6 4.Be3 c6 5.Qd2 b5 6.g3 Nd7 7.d5 b4 8.dxc6 bxc3
9.cxd7+ Bxd7 10.bxc3 Qa5 11.Bd4 Nf6 12.Bg2 Rc8 13.Ne2 O-O 14.O-O Bc6 15.f3 e5
16.Be3 Bb5 17.Rfe1 Rfd8 18.a4 Bc4 19.Bg5 d5 20.exd5 Rxd5 21.Qe3 Rdc5 22.Nc1 Nd5
23.Qf2 Qxc3 24.Rb1 e4 25.Be3 R5c7 26.fxe4 Nxe3 27.Rxe3 Qa5 28.Rf3 Rd8 29.Ne2 Qd2
30.Bf1 Qxc2 31.Rc1 Qxa4 32.Kg2 Rdc8 33.Re1 a5 34.Nf4 Bxf1+ 35.Qxf1 Rc2+ 36.Rf2 Rxf2+
37.Qxf2 Rc2 38.Re2 Rxe2 39.Qxe2 Qd4 40.Nd5 a4 41.Kf3 h5 42.Qa6 Kh7 43.Nf4 Qc3+
44.Qd3 a3  0-1

[Event "HUN-ch U16"]
[Site "Paks"]
[Date "1995.??.??"]
[Round "?"]
[White "Arato, Bela"]
[Black "Soponyai, Tamas"]
[Result "1-0"]
[WhiteElo "2050"]
[BlackElo "2110"]

1.e4 g6 2.d4 Bg7 3.Nc3 d6 4.Be3 c6 5.Qd2 b5 6.f3 Nd7 7.Bd3 a6 8.a4 b4 9.Nd1 a5
10.Ne2 e5 11.O-O Ngf6 12.c3 Rb8 13.Kh1 O-O 14.Bh6 Qe7 15.Bxg7 Kxg7 16.Ne3 Kh8
17.Nc4 bxc3 18.Qxc3 c5 19.d5 Ba6 20.Nxa5 Bxd3 21.Nc6 Qe8 22.Qxd3 Rxb2 23.Rfb1 Rxb1+
24.Rxb1 Qa8 25.Qb5 Ne8 26.a5 Nc7 27.Qb7 Rc8 28.Qxa8 Nxa8 29.Rb7 Rc7 30.a6 c4
31.Nc3 Ndb6 32.Nb5 Rc8 33.Nxd6 c3 34.Nxf7+ Kg8 35.Nfxe5 c2 36.Nd3 Nc4 37.Ne7+ Kf8
38.Nxc8 Ne3 39.Nb6  1-0

[Event "HUN-ch U16 Girls"]
[Site "Paks"]
[Date "1995.??.??"]
[Round "1"]
[White "Kiss, Fernanda"]
[Black "Sarkany, Petra"]
[Result "1-0"]
[WhiteElo "2170"]
[BlackElo "2025"]

1.e4 d6 2.d4 g6 3.Nc3 Bg7 4.g3 Nf6 5.Bg2 O-O 6.Nge2 Nbd7 7.O-O c6 8.h3 Qc7
9.a4 Ne8 10.f4 e5 11.Be3 exd4 12.Nxd4 Nef6 13.Qd2 Re8 14.Rae1 Nb6 15.b3 a5
16.Qf2 Nfd7 17.g4 Qd8 18.Rd1 Nc5 19.Nxc6 Qc7 20.Nd4 Bxd4 21.Bxd4 Bd7 22.f5 Bc6
23.Qh4 Qe7 24.Qxe7 Rxe7 25.e5 Nbd7 26.exd6 Ree8 27.Nd5  1-0